Sociología del medio ambiente: una perspectiva internacional

Gorde:
Xehetasun bibliografikoak
Egile Nagusiak: Redclift, Michael (Egilea), Woodgate, Graham (Egilea)
Formatua: Liburua
Hizkuntza:gaztelania
Argitaratua: Madrid McGraw-Hill Interamericana 2002
Gaiak:
Etiketak: Etiketa erantsi
Etiketarik gabe, Izan zaitez lehena erregistro honi etiketa jartzen!

MARC

LEADER 00000nam a2200000 a 4500
001 UCL2499
003 CL-VaPUC
008 031024e20020000SP |||||||||||||||||spa|d
020 |a 844813656X 
082 0 4 |a 304.2  |b RED  |2 21 
100 0 |a Redclift, Michael  |e author  |9 479607 
700 0 |a Woodgate, Graham  |e author  |9 479608 
245 1 0 |a Sociología del medio ambiente: una perspectiva internacional 
300 |a 509 p 
942 |c BK 
945 |d 20031024 00:00:00  |a cmena 
260 |a Madrid  |b McGraw-Hill Interamericana  |c 2002 
650 0 |a Antropología   |9 233030 
650 0 |a Cambio social   |9 256857 
650 0 |a Medio ambiente natural  |9 338575 
650 0 |a Política ambiental  |9 262970 
583 |a last modification  |c 20031024 00:00:00  |k Rodrigo Vera 
999 |c 305803  |d 305801 
952 |0 0  |1 0  |4 0  |6 304_200000000000000_RED_2002  |7 0  |8 A  |9 370237  |a BIBING  |b BIBING  |d 2019-11-21  |i 3956520  |o 304.2 RED 2002  |p 3956520  |r 2025-01-20  |w 2019-11-21  |y BK  |k CCL 
952 |0 0  |1 0  |4 0  |6 304_200000000000000_RED_2002  |7 0  |8 A  |9 370238  |a BIBING  |b BIBING  |d 2019-11-21  |i 401815K  |o 304.2 RED 2002  |p 401815K  |r 2025-01-20  |w 2019-11-21  |y BK  |k CCL